[Event "Canada int. ch"]
[Site "Longueuil CAN"]
[Date "2019.10.13"]
[Round "4.19"]
[White "Pace, Christopher"]
[Black "Sullivan, Andrew"]
[Result "1/2-1/2"]
[WhiteElo "2136"]
[BlackElo "1884"]
[PlyCount "116"]
[EventDate "2019.10.11"]
[EventType "swiss"]
[EventRounds "5"]
[EventCountry "CAN"]

1. d4 Nf6 2. c4 e6 3. Nc3 Bb4 4. e3 Nc6 5. Bd3 O-O 6. Nge2 d6 7. a3 Bxc3+ 8.
Nxc3 e5 9. d5 Ne7 10. e4 h6 11. O-O g5 12. h4 Nh7 13. Qh5 Kg7 14. hxg5 hxg5 15.
Bxg5 Nxg5 16. Qxg5+ Ng6 17. Qxd8 Rxd8 18. f3 b6 19. Rfd1 a6 20. b4 Nf4 21. Bf1
Rg8 22. g3 Kf6 23. Kf2 Nh5 24. Ne2 Bd7 25. Bg2 Rh8 26. Rh1 Kg7 27. Ke3 Rh7 28.
g4 Nf6 29. Rxh7+ Nxh7 30. c5 bxc5 31. bxc5 dxc5 32. Rc1 Rb8 33. Rxc5 Rb3+ 34.
Rc3 Rxc3+ 35. Nxc3 Nf8 36. Bf1 a5 37. Bb5 Bc8 38. Na4 Nd7 39. Bxd7 Bxd7 40. Nc5
Bb5 41. a4 Be8 42. f4 f6 43. fxe5 fxe5 44. Kd3 Kf6 45. Kc4 Kg5 46. Ne6+ Kxg4
47. Nxc7 Bxa4 48. d6 Kg5 49. Nd5 Bd7 50. Kc5 a4 51. Kb4 Bc6 52. Nc3 Kf6 53. Kc5
Bd7 54. Kb6 Kf7 55. Kc7 Ke6 56. Na2 Be8 57. Nc3 Bd7 58. Na2 Be8 1/2-1/2

[Event "Canada int. ch"]
[Site "Longueuil CAN"]
[Date "2019.10.13"]
[Round "4.20"]
[White "Prahov, Valentin"]
[Black "Robichaud, Louis"]
[Result "1-0"]
[WhiteElo "2057"]
[BlackElo "2041"]
[PlyCount "79"]
[EventDate "2019.10.11"]
[EventType "swiss"]
[EventRounds "5"]
[EventCountry "CAN"]

1. e4 e5 2. d4 exd4 3. Qxd4 Nc6 4. Qe3 d6 5. Nc3 Nf6 6. Bd2 Be7 7. O-O-O Be6 8.
Nf3 O-O 9. Kb1 Qd7 10. h3 a6 11. g4 Rae8 12. g5 Nh5 13. Be2 g6 14. Ng1 Ng7 15.
Nd5 Bxd5 16. exd5 Nd8 17. Bg4 Nf5 18. Qf4 f6 19. h4 Nf7 20. Nf3 Ne5 21. Bxf5
Qxf5 22. Qxf5 gxf5 23. Nd4 fxg5 24. hxg5 Rf7 25. f4 Nc4 26. Bc1 Nb6 27. Ne6 Bf8
28. c4 Na4 29. Rdg1 Rg7 30. Nxg7 Bxg7 31. Re1 Rxe1 32. Rxe1 Kf7 33. Kc2 Nc5 34.
b4 Ne4 35. Bb2 Bf8 36. Bd4 h6 37. gxh6 Bxh6 38. Be3 Bg7 39. Kd3 Bb2 40. Bd4 1-0

[Event "Canada int. ch"]
[Site "Longueuil CAN"]
[Date "2019.10.13"]
[Round "4.21"]
[White "Allard, Laurent"]
[Black "Zhong, Kevin"]
[Result "1/2-1/2"]
[WhiteElo "2092"]
[BlackElo "2099"]
[PlyCount "69"]
[EventDate "2019.10.11"]
[EventType "swiss"]
[EventRounds "5"]
[EventCountry "CAN"]

1. e4 c5 2. Nf3 Nc6 3. d4 cxd4 4. Nxd4 Nf6 5. Nc3 d6 6. Bg5 e6 7. Qd2 a6 8. f3
Bd7 9. O-O-O h6 10. Be3 b5 11. Nxc6 Bxc6 12. Ne2 Qc7 13. Nd4 Bb7 14. g4 Nd7 15.
Kb1 Ne5 16. h4 d5 17. Bf4 Bd6 18. Qg2 O-O-O 19. exd5 Bxd5 20. Be2 Nc4 21. Bxd6
Rxd6 22. Bxc4 Bxc4 23. Rd2 Rhd8 24. Rhd1 Qa5 25. b3 e5 26. bxc4 exd4 27. cxb5
Qxb5+ 28. Ka1 Qc4 29. Rd3 Rd5 30. Qd2 R8d7 31. Rb1 Rb5 32. Rbb3 Rdd5 33. Qe2
Re5 34. Qd2 Red5 35. Qe2 1/2-1/2

[Event "Canada int. ch"]
[Site "Longueuil CAN"]
[Date "2019.10.13"]
[Round "4.22"]
[White "Luksza, Arkadiusz"]
[Black "Guerra, Osmany"]
[Result "0-1"]
[WhiteElo "2048"]
[BlackElo "2139"]
[PlyCount "107"]
[EventDate "2019.10.11"]
[EventType "swiss"]
[EventRounds "5"]
[EventCountry "CAN"]

1. d4 d5 2. Nf3 Nf6 3. g3 g6 4. Bg2 Bg7 5. c4 c6 6. O-O O-O 7. Nc3 dxc4 8. e4
Bg4 9. h3 Bxf3 10. Bxf3 b5 11. a4 b4 12. Ne2 Qc8 13. Bg2 a5 14. Qc2 Qa6 15. Bg5
Nbd7 16. e5 Nd5 17. Bxd5 cxd5 18. Bxe7 Rfe8 19. Bd6 Bf8 20. Bxf8 Nxf8 21. f4
Qb6 22. Kh2 Ra7 23. Rad1 f5 24. g4 Qe6 25. gxf5 Qxf5 26. Qxf5 gxf5 27. Rg1+ Kf7
28. Kg3 Nd7 29. Kf3 Nb6 30. Ra1 Ke6 31. Rg5 Rf7 32. Ng3 Rc8 33. Nh5 c3 34. Ng7+
Rxg7 35. Rxg7 cxb2 36. Rb1 Nxa4 37. Ra7 Rc1 38. Ra6+ Kd7 39. Rxb2 Nxb2 40. Rxa5
Kc6 41. Ra6+ Kb5 42. Rd6 Rc3+ 43. Ke2 Kc4 44. Rb6 Kxd4 45. Rxb4+ Nc4 46. Rb7
Rxh3 47. Rf7 Ke4 48. e6 Kxf4 49. e7 Nd6 50. Kf2 Re3 51. Rxh7 d4 52. Rh6 Ne4+
53. Kg2 Re2+ 54. Kg1 0-1

[Event "Canada int. ch"]
[Site "Longueuil CAN"]
[Date "2019.10.13"]
[Round "4.23"]
[White "Saha, Ananda"]
[Black "Han, Johnathan"]
[Result "1-0"]
[WhiteElo "2055"]
[BlackElo "1598"]
[PlyCount "99"]
[EventDate "2019.10.11"]
[EventType "swiss"]
[EventRounds "5"]
[EventCountry "CAN"]

1. d4 Nf6 2. Bf4 e6 3. e3 b6 4. Nf3 Bb7 5. Nbd2 Be7 6. c3 O-O 7. Bd3 d6 8. Qe2
Nbd7 9. e4 Re8 10. O-O Bf8 11. e5 Nd5 12. Bxh7+ Kh8 13. Bg5 f6 14. exf6 gxf6
15. Bg6 fxg5 16. Bxe8 Qxe8 17. Nxg5 Qg6 18. f4 Re8 19. Rf3 Bh6 20. h4 N7f6 21.
Raf1 Ne7 22. Re3 Nf5 23. Rxe6 Ng3 24. Rxe8+ Nxe8 25. Qe7 Nxf1 26. Nxf1 Bxg5 27.
hxg5 Qe4 28. Qxe4 Bxe4 29. g4 d5 30. Kf2 Nd6 31. f5 Bb1 32. Kf3 Bxa2 33. Kf4
Nc4 34. g6 Bb1 35. Kg5 Kg8 36. Ng3 Nd6 37. Nh5 Ne4+ 38. Kf4 Kf8 39. Ke5 Ba2 40.
Ke6 Ng5+ 41. Kd7 c5 42. Nf4 Ne4 43. Ne6+ Kg8 44. Ke7 cxd4 45. cxd4 Bb1 46. f6
Nxf6 47. Kxf6 a5 48. Nd8 a4 49. Nc6 Bxg6 50. Kxg6 1-0

[Event "Canada int. ch"]
[Site "Longueuil CAN"]
[Date "2019.10.13"]
[Round "5.1"]
[White "Roussel-Roozmon, Thomas"]
[Black "Gomez Garrido, Camilo Ernesto"]
[Result "1/2-1/2"]
[WhiteElo "2472"]
[BlackElo "2471"]
[PlyCount "48"]
[EventDate "2019.10.11"]
[EventType "swiss"]
[EventRounds "5"]
[EventCountry "CAN"]

1. d4 d5 2. c4 c6 3. Nf3 Nf6 4. e3 a6 5. Nbd2 Bf5 6. Nh4 Bg6 7. Nxg6 hxg6 8. g3
e6 9. Bg2 Nbd7 10. O-O Be7 11. e4 dxe4 12. Nxe4 Nxe4 13. Bxe4 Nf6 14. Bg2 O-O
15. Be3 Bd6 16. Qb3 Qe7 17. Rad1 Rad8 18. Rfe1 Rd7 19. d5 cxd5 20. cxd5 e5 21.
Bh3 Rdd8 22. Bb6 Rde8 23. Qa4 g5 24. Be3 Nh7 1/2-1/2

[Event "Canada int. ch"]
[Site "Longueuil CAN"]
[Date "2019.10.13"]
[Round "5.2"]
[White "Sambuev, Bator"]
[Black "Lesiege, Alexandre"]
[Result "0-1"]
[WhiteElo "2513"]
[BlackElo "2503"]
[PlyCount "76"]
[EventDate "2019.10.11"]
[EventType "swiss"]
[EventRounds "5"]
[EventCountry "CAN"]

1. g3 d5 2. Bg2 g6 3. f4 Bg7 4. Nf3 Nf6 5. O-O O-O 6. d3 b6 7. Nh4 e6 8. c4 Bb7
9. Nc3 c5 10. Bd2 Nc6 11. cxd5 Nxd5 12. Nxd5 exd5 13. Bc3 d4 14. Bd2 Qd7 15. f5
Rfe8 16. h3 Be5 17. fxg6 hxg6 18. Qb3 Re6 19. Bd5 Nd8 20. Bxb7 Nxb7 21. Rf3 Rf6
22. Kg2 Re8 23. Raf1 Kg7 24. R1f2 Rh8 25. a4 Rxf3 26. Rxf3 Bf6 27. Be1 Nd6 28.
a5 g5 29. axb6 axb6 30. Qxb6 gxh4 31. Qxc5 Re8 32. g4 Rxe2+ 33. Bf2 Qe6 34. g5
Be5 35. Kf1 Rxb2 36. Bxd4 Rb5 37. Qc3 Nf5 38. Bxe5+ Qxe5 0-1

[Event "Canada int. ch"]
[Site "Longueuil CAN"]
[Date "2019.10.13"]
[Round "5.4"]
[White "Steel, Henry"]
[Black "Nicula, Marius"]
[Result "1-0"]
[WhiteElo "2410"]
[BlackElo "2176"]
[PlyCount "57"]
[EventDate "2019.10.11"]
[EventType "swiss"]
[EventRounds "5"]
[EventCountry "CAN"]

1. e4 g6 2. Nc3 Bg7 3. h4 h5 4. d4 c6 5. Nge2 d6 6. Be3 Nf6 7. f3 Qc7 8. Qd2
Nbd7 9. a4 b6 10. Nf4 e5 11. dxe5 dxe5 12. Nh3 Nf8 13. Ng5 Ne6 14. Bc4 Qe7 15.
O-O-O Bd7 16. Qd6 Qxd6 17. Rxd6 Bf8 18. Rd3 Be7 19. Rhd1 Rd8 20. a5 Rb8 21. Na4
b5 22. Bxe6 Bxe6 23. Nxe6 bxa4 24. Bxa7 Rb7 25. Rd8+ Bxd8 26. Rxd8+ Ke7 27.
Bc5+ Kxe6 28. Rxh8 Rb5 29. a6 1-0

[Event "Canada int. ch"]
[Site "Longueuil CAN"]
[Date "2019.10.13"]
[Round "5.5"]
[White "Sasata, Robert"]
[Black "Leon Valdes, Jony Wilson"]
[Result "0-1"]
[WhiteElo "2212"]
[BlackElo "2393"]
[PlyCount "76"]
[EventDate "2019.10.11"]
[EventType "swiss"]
[EventRounds "5"]
[EventCountry "CAN"]

1. d4 e6 2. e4 d5 3. Nc3 Nf6 4. Bg5 Be7 5. e5 Nfd7 6. h4 h6 7. Bxe7 Qxe7 8. Qd2
a6 9. f4 c5 10. Nf3 Nc6 11. O-O-O c4 12. f5 Nb6 13. fxe6 Bxe6 14. Qf4 O-O-O 15.
g4 Qb4 16. a3 Qa5 17. Bh3 Nd7 18. Ne2 b5 19. c3 Qa4 20. Kd2 f6 21. Qe3 Rhe8 22.
Nf4 Bg8 23. g5 hxg5 24. hxg5 Kb7 25. e6 Nf8 26. gxf6 gxf6 27. Bf5 Nxe6 28. Nxe6
Bxe6 29. Bxe6 Rd6 30. Rde1 Rdxe6 31. Qxe6 Rxe6 32. Rxe6 b4 33. Rh7+ Kb6 34.
axb4 Qa1 35. Ne1 Qxb2+ 36. Nc2 Kb5 37. Rxf6 Ka4 38. Rh1 Kb3 0-1

[Event "Canada int. ch"]
[Site "Longueuil CAN"]
[Date "2019.10.13"]
[Round "5.6"]
[White "Bannon, Eric"]
[Black "Perez Rodriguez, Luis Manuel"]
[Result "0-1"]
[WhiteElo "2125"]
[BlackElo "2345"]
[PlyCount "44"]
[EventDate "2019.10.11"]
[EventType "swiss"]
[EventRounds "5"]
[EventCountry "CAN"]

1. e4 e5 2. Nf3 Nc6 3. Bc4 Nf6 4. d3 Be7 5. O-O O-O 6. Re1 d6 7. a4 Kh8 8. h3
Ng8 9. d4 f5 10. dxe5 fxe4 11. Rxe4 Rxf3 12. gxf3 Bf5 13. Re1 Qe8 14. Bf4 Qg6+
15. Kh2 dxe5 16. Be3 Nd4 17. Bxd4 exd4 18. Rxe7 Qd6+ 19. Kh1 Nxe7 20. Bf1 Ng6
21. Na3 Nf4 22. Nc4 Qf6 0-1

[Event "Canada int. ch"]
[Site "Longueuil CAN"]
[Date "2019.10.13"]
[Round "5.7"]
[White "Martinez Mulet, Dario Leonel"]
[Black "Hua, Eugene"]
[Result "1/2-1/2"]
[WhiteElo "2120"]
[BlackElo "2285"]
[PlyCount "48"]
[EventDate "2019.10.11"]
[EventType "swiss"]
[EventRounds "5"]
[EventCountry "CAN"]

1. d4 Nf6 2. c4 e6 3. Nf3 d5 4. Nc3 Bb4 5. Qa4+ Nc6 6. e3 O-O 7. Qc2 Re8 8. Bd2
a6 9. h3 dxc4 10. Bxc4 b5 11. Bd3 Bb7 12. a3 Bf8 13. Ne4 h6 14. Nxf6+ Qxf6 15.
Bh7+ Kh8 16. Be4 Nd8 17. O-O Bxe4 18. Qxe4 Rc8 19. Bc3 Qf5 20. Qh4 Be7 21. Qg3
Bd6 22. Qh4 Be7 23. Qg3 Bd6 24. Qh4 Be7 1/2-1/2

[Event "Canada int. ch"]
[Site "Longueuil CAN"]
[Date "2019.10.13"]
[Round "5.8"]
[White "Xu, Daniel"]
[Black "Bouvier, Jesse"]
[Result "1-0"]
[WhiteElo "1838"]
[BlackElo "2266"]
[PlyCount "109"]
[EventDate "2019.10.11"]
[EventType "swiss"]
[EventRounds "5"]
[EventCountry "CAN"]

1. d4 Nf6 2. c4 g6 3. Nc3 Bg7 4. e4 d6 5. f3 O-O 6. Be3 a6 7. Nge2 Nbd7 8. Qd2
c5 9. d5 b5 10. cxb5 axb5 11. Nxb5 Ba6 12. Nec3 Qa5 13. Be2 Rfb8 14. a4 Qb4 15.
O-O Ne5 16. Rfc1 Rc8 17. Nd1 Qxd2 18. Bxd2 Rab8 19. Ne3 Ned7 20. Bc3 Ne8 21.
Kf2 Ra8 22. Nc2 Nc7 23. Nca3 Nb6 24. Nxc7 Rxc7 25. Bxa6 Rxa6 26. Bxg7 Kxg7 27.
b3 Rb7 28. Rab1 Nd7 29. Nc4 Nb6 30. Nxb6 Raxb6 31. Rc3 Rb4 32. Ra1 Rxb3 33.
Rxb3 Rxb3 34. a5 Kf8 35. a6 Rb8 36. Ke3 Ke8 37. Kd3 Kd7 38. e5 Kc7 39. exd6+
exd6 40. a7 Ra8 41. Ra6 Kb7 42. Rxd6 Rxa7 43. Rd7+ Kb6 44. Rxa7 Kxa7 45. Kc4
Kb6 46. h3 g5 47. g3 h5 48. h4 f6 49. f4 gxh4 50. gxh4 f5 51. d6 Kc6 52. d7
Kxd7 53. Kxc5 Ke6 54. Kc6 Kf7 55. Kd5 1-0

[Event "Canada int. ch"]
[Site "Longueuil CAN"]
[Date "2019.10.13"]
[Round "5.9"]
[White "Rodrigue-Lemieux, Shawn"]
[Black "Cazelais, Marc"]
[Result "1-0"]
[WhiteElo "2263"]
[BlackElo "2170"]
[PlyCount "129"]
[EventDate "2019.10.11"]
[EventType "swiss"]
[EventRounds "5"]
[EventCountry "CAN"]

1. e4 g6 2. d4 Bg7 3. Nc3 c6 4. Nf3 d5 5. e5 Bg4 6. Be2 f6 7. exf6 Nxf6 8. O-O
O-O 9. Re1 Bxf3 10. Bxf3 Nbd7 11. Bg5 Rf7 12. Qd3 Qc7 13. Re6 Nf8 14. Re2 e6
15. Rae1 N6d7 16. Bg4 e5 17. dxe5 Nxe5 18. Qg3 Nxg4 19. Qxg4 Qa5 20. Re7 d4 21.
Rxf7 Kxf7 22. Re7+ Kg8 23. Qf3 Qf5 24. Ne4 Qxf3 25. gxf3 b6 26. Nf6+ Kh8 27.
Ne8 d3 28. Nxg7 dxc2 29. Ne8 h6 30. Bxh6 Nh7 31. Nd6 g5 32. Re1 Kg8 33. Nf5 Kf7
34. Rc1 Kg6 35. Ne7+ Kxh6 36. Nxc6 Nf6 37. Rxc2 Nh5 38. Ne5 Nf4 39. Rc6+ Kg7
40. Rc7+ Kf6 41. Ng4+ Kg6 42. Rc6+ Kg7 43. Rc4 Rd8 44. h4 Rd2 45. hxg5 Nh3+ 46.
Kg2 Nxg5 47. Rc7+ Kg6 48. Ne5+ Kf6 49. Nc4 Rc2 50. Nxb6 Rxb2 51. Nd7+ Kf5 52.
Rxa7 Ne6 53. Ra5+ Kg6 54. Ne5+ Kf6 55. Kg3 Nd4 56. Ng4+ Kg6 57. Ra6+ Kg7 58. a4
Rb3 59. Ne3 Ne2+ 60. Kg4 Rb4+ 61. Kg5 Ng1 62. Ra7+ Kf8 63. Nd5 Rc4 64. Kg6 Rc6+
65. Nf6 1-0

[Event "Canada int. ch"]
[Site "Longueuil CAN"]
[Date "2019.10.13"]
[Round "5.10"]
[White "Hirschberg, Valerian"]
[Black "Chabot, Roland"]
[Result "1-0"]
[WhiteElo "2235"]
[BlackElo "2125"]
[PlyCount "83"]
[EventDate "2019.10.11"]
[EventType "swiss"]
[EventRounds "5"]
[EventCountry "CAN"]

1. Nf3 d6 2. d4 Nf6 3. g3 Nbd7 4. c4 e5 5. Nc3 Be7 6. Bg2 O-O 7. O-O c6 8. e4
a6 9. a4 a5 10. h3 Re8 11. Be3 exd4 12. Nxd4 Nc5 13. Nb3 Nfd7 14. Nd4 g6 15.
Qc2 Bf8 16. Rfd1 Qc7 17. Rd2 Ne5 18. b3 Qb6 19. f4 Ned7 20. Bf2 Bg7 21. Rb1 Qc7
22. Nde2 Bf8 23. Rbd1 b6 24. g4 Bb7 25. g5 Rad8 26. h4 Nb8 27. h5 Nba6 28. Na2
Bc8 29. h6 Bg4 30. Bd4 Ne6 31. Ba1 c5 32. Qc3 Nd4 33. Nxd4 cxd4 34. Rxd4 f6 35.
Rf1 Be7 36. Rd5 Rf8 37. f5 Rf7 38. fxg6 hxg6 39. gxf6 Bf8 40. Qg3 Bxh6 41. Qxg4
Be3+ 42. Kh2 1-0

[Event "Canada int. ch"]
[Site "Longueuil CAN"]
[Date "2019.10.13"]
[Round "5.11"]
[White "Hernandez Moya, Yuleisy"]
[Black "Tanaka, Tyler"]
[Result "1/2-1/2"]
[WhiteElo "2173"]
[BlackElo "2106"]
[PlyCount "51"]
[EventDate "2019.10.11"]
[EventType "swiss"]
[EventRounds "5"]
[EventCountry "CAN"]

1. e4 c5 2. Nf3 d6 3. Bb5+ Bd7 4. Bxd7+ Qxd7 5. c4 Nf6 6. Nc3 Nc6 7. d4 cxd4 8.
Nxd4 g6 9. f3 Bg7 10. Be3 O-O 11. O-O Rac8 12. b3 Nxd4 13. Bxd4 a6 14. a4 Qc6
15. Kh1 Rfe8 16. Ra2 Nd7 17. Bxg7 Kxg7 18. Qd4+ Kg8 19. Re2 Qb6 20. Qxb6 Nxb6
21. f4 Nd7 22. g3 Nc5 23. Rb1 Rc6 24. Kg2 Ne6 25. Rd2 Nc7 26. Nd5 1/2-1/2

[Event "Canada int. ch"]
[Site "Longueuil CAN"]
[Date "2019.10.13"]
[Round "5.12"]
[White "Masse, Hugues"]
[Black "Huang, Qiuyu"]
[Result "1/2-1/2"]
[WhiteElo "2192"]
[BlackElo "1946"]
[PlyCount "160"]
[EventDate "2019.10.11"]
[EventType "swiss"]
[EventRounds "5"]
[EventCountry "CAN"]

1. e4 c5 2. Nf3 Nc6 3. d4 cxd4 4. Nxd4 e5 5. Nb5 d6 6. c4 Be7 7. N1c3 a6 8. Na3
Nf6 9. Be2 Be6 10. O-O Rc8 11. Be3 O-O 12. f3 Na5 13. Nd5 Bxd5 14. cxd5 b5 15.
b3 Nd7 16. Qd2 f5 17. exf5 Rxf5 18. Rac1 Nb7 19. Nc2 Nbc5 20. Nb4 Nb8 21. Nc6
Nxc6 22. dxc6 Kh8 23. Rfd1 Qe8 24. b4 Ne6 25. Bd3 Rf8 26. Be4 Nc7 27. Bd5 Qg6
28. Kh1 Qf6 29. a3 Bd8 30. Rc2 Nxd5 31. Qxd5 Bc7 32. Qe4 Qf5 33. Kg1 Rcd8 34.
Rcd2 Qxe4 35. fxe4 Ra8 36. a4 bxa4 37. Ra2 Rfb8 38. Rxa4 Bb6 39. Bxb6 Rxb6 40.
Rxd6 Rc8 41. Re6 Kg8 42. Rxe5 Rcxc6 43. Re8+ Kf7 44. Ra8 Re6 45. e5 Rxe5 46.
R4xa6 Rxa6 47. Rxa6 Re1+ 48. Kf2 Rb1 49. Rb6 Rb3 50. Rb7+ Kg6 51. h3 h6 52. b5
Kf6 53. b6 Kg6 54. Ke2 Kf6 55. Rb8 Kg6 56. Kd2 Kg5 57. Kc2 Rb5 58. Kc3 g6 59.
Kc4 Rb2 60. g3 h5 61. Kc5 Rc2+ 62. Kd6 Rd2+ 63. Ke6 Rb2 64. Kf7 Rb3 65. b7 Rb5
66. Kg7 Rb6 67. Kh7 h4 68. gxh4+ Kxh4 69. Kg7 Kg5 70. Kf7 Kf5 71. Kg7 Kg5 72.
Kh7 Kh4 73. Kg8 Kxh3 74. Kf7 Kg4 75. Ke7 Kg5 76. Kd7 Rb1 77. Kc6 Rc1+ 78. Kd5
Rb1 79. Kc4 Rc1+ 80. Kd3 Rb1 1/2-1/2

[Event "Canada int. ch"]
[Site "Longueuil CAN"]
[Date "2019.10.13"]
[Round "5.13"]
[White "Ouellet, Maili-Jade"]
[Black "Prahov, Valentin"]
[Result "0-1"]
[WhiteElo "2187"]
[BlackElo "2057"]
[PlyCount "108"]
[EventDate "2019.10.11"]
[EventType "swiss"]
[EventRounds "5"]
[EventCountry "CAN"]

1. d4 Nf6 2. c4 g6 3. Nc3 d5 4. cxd5 Nxd5 5. e4 Nxc3 6. bxc3 Bg7 7. Nf3 O-O 8.
Rb1 c5 9. Be2 Nc6 10. d5 Bxc3+ 11. Bd2 Bxd2+ 12. Qxd2 Na5 13. h4 f6 14. h5 g5
15. h6 e5 16. Qc3 b6 17. Nd2 Nb7 18. g3 Nd6 19. Qe3 Qe7 20. g4 Bd7 21. Nf1 Rfc8
22. Ng3 c4 23. Nf5 Bxf5 24. gxf5 b5 25. f3 a5 26. Kf2 b4 27. Rhc1 Qa7 28. Rc2
Qxe3+ 29. Kxe3 Rab8 30. Rbc1 c3 31. Rb1 Kf8 32. Ba6 Rc7 33. Ke2 Ke7 34. Bd3 a4
35. Rcc1 b3 36. axb3 axb3 37. Ke3 b2 38. Rc2 Kd8 39. Rh2 Ra8 40. Bc2 Nc4+ 41.
Kd3 Nd2 42. Rxd2 cxd2 43. Rxb2 Ra3+ 44. Kxd2 Rxf3 45. Bd3 Rf2+ 46. Be2 Rh2 47.
Rb6 Rxh6 48. d6 Rc5 49. Rb7 Rh2 50. Kd1 Ra5 51. Rb2 g4 52. Rb8+ Kd7 53. Bd3
Ra1+ 54. Rb1 Rxb1+ 0-1

[Event "Canada int. ch"]
[Site "Longueuil CAN"]
[Date "2019.10.13"]
[Round "5.14"]
[White "Duong, Thanh Nha"]
[Black "Nazareno, Merlin"]
[Result "0-1"]
[WhiteElo "2165"]
[BlackElo "1873"]
[PlyCount "70"]
[EventDate "2019.10.11"]
[EventType "swiss"]
[EventRounds "5"]
[EventCountry "CAN"]

1. d4 d5 2. Nf3 e6 3. c4 c6 4. Qc2 f5 5. g3 Nf6 6. Bg2 Bd6 7. O-O Ne4 8. b3 Nd7
9. Ba3 Bxa3 10. Nxa3 Qf6 11. e3 h5 12. b4 g5 13. b5 h4 14. bxc6 bxc6 15. Rfc1
hxg3 16. hxg3 g4 17. Nh4 Rh6 18. Qa4 Bb7 19. Rab1 Nb6 20. Qd1 Rxh4 21. gxh4
Qxh4 22. Qe1 O-O-O 23. Kf1 dxc4 24. Rc2 c3 25. Ke2 Ba6+ 26. Kd1 Bd3 27. Bxe4
Bxe4 28. Qxc3 e5 29. Kc1 exd4 30. exd4 Qh1+ 31. Kd2 Qh6+ 32. Ke1 Bxc2 33. Qxc2
Qh1+ 34. Kd2 Rxd4+ 35. Kc3 Qd5 0-1

[Event "Canada int. ch"]
[Site "Longueuil CAN"]
[Date "2019.10.13"]
[Round "5.15"]
[White "Tremblay, Alain"]
[Black "Khan Wazeer, Ahmad"]
[Result "1-0"]
[WhiteElo "2079"]
[BlackElo "1654"]
[PlyCount "66"]
[EventDate "2019.10.11"]
[EventType "swiss"]
[EventRounds "5"]
[EventCountry "CAN"]

1. e4 d5 2. exd5 Nf6 3. Bb5+ Bd7 4. Be2 Nxd5 5. d4 c6 6. c4 Nb6 7. Nc3 Bf5 8.
Nf3 Bg4 9. b3 e6 10. O-O N8d7 11. Be3 Nf6 12. h3 Bh5 13. a4 Bb4 14. Na2 Be7 15.
Nc3 Bb4 16. Na2 Be7 17. Nc3 a5 18. Qd2 Bb4 19. Qb2 O-O 20. Na2 Ne4 21. Rfd1 Qf6
22. Qc2 Bg6 23. Bd3 Qf5 24. Nh4 Qh5 25. Nxg6 hxg6 26. Bxe4 f5 27. Bf3 Qh4 28.
d5 Nxd5 29. cxd5 cxd5 30. Nxb4 axb4 31. Qc7 Kh7 32. Bd4 Qh6 33. Rac1 g5 1-0

[Event "Canada int. ch"]
[Site "Longueuil CAN"]
[Date "2019.10.13"]
[Round "5.16"]
[White "Zhong, Kevin"]
[Black "Zheng, Richard"]
[Result "1/2-1/2"]
[WhiteElo "2099"]
[BlackElo "2013"]
[PlyCount "34"]
[EventDate "2019.10.11"]
[EventType "swiss"]
[EventRounds "5"]
[EventCountry "CAN"]

1. e4 c6 2. d4 d5 3. exd5 cxd5 4. c4 Nf6 5. Nc3 g6 6. Qb3 Bg7 7. cxd5 O-O 8.
Be2 Nbd7 9. Bf3 Nb6 10. Nge2 Bg4 11. Bxg4 Nxg4 12. a4 a5 13. O-O Nf6 14. Nf4
Rc8 15. Be3 Rc4 16. Rac1 Rb4 17. Qa2 Rc4 1/2-1/2

[Event "Canada int. ch"]
[Site "Longueuil CAN"]
[Date "2019.10.13"]
[Round "5.17"]
[White "Guerra, Osmany"]
[Black "Nunez-Painchaud, Raphael"]
[Result "1/2-1/2"]
[WhiteElo "2139"]
[BlackElo "2033"]
[PlyCount "54"]
[EventDate "2019.10.11"]
[EventType "swiss"]
[EventRounds "5"]
[EventCountry "CAN"]

1. e4 c5 2. Nf3 Nc6 3. d4 cxd4 4. Nxd4 Nf6 5. Nc3 e5 6. Ndb5 d6 7. Bg5 a6 8.
Na3 b5 9. Nd5 Be7 10. Bxf6 Bxf6 11. c3 O-O 12. Bd3 Be6 13. Nc2 Bg5 14. h4 Bh6
15. a4 bxa4 16. Rxa4 a5 17. g4 Bf4 18. Qf3 Rb8 19. b4 axb4 20. cxb4 Bxd5 21.
exd5 Nxb4 22. Nxb4 Rxb4 23. Rxb4 Qa5 24. Qe4 f5 25. gxf5 Rb8 26. f6 Qxb4+ 27.
Qxb4 Rxb4 1/2-1/2

[Event "Canada int. ch"]
[Site "Longueuil CAN"]
[Date "2019.10.13"]
[Round "5.18"]
[White "Miller, Rachel"]
[Black "Pace, Christopher"]
[Result "0-1"]
[WhiteElo "1931"]
[BlackElo "2136"]
[PlyCount "116"]
[EventDate "2019.10.11"]
[EventType "swiss"]
[EventRounds "5"]
[EventCountry "CAN"]

1. e4 e5 2. Nf3 Nc6 3. Bc4 Bc5 4. c3 Nf6 5. d3 h6 6. a4 a6 7. O-O d6 8. Re1 O-O
9. b4 Bb6 10. Na3 Ne7 11. Bb3 Ng6 12. d4 exd4 13. cxd4 Bg4 14. Bb2 Nh4 15. Qd3
Bxf3 16. gxf3 Qd7 17. f4 Qg4+ 18. Qg3 Nf3+ 19. Kh1 Nxe1 20. Rxe1 Qxg3 21. fxg3
Rfe8 22. e5 dxe5 23. fxe5 Rad8 24. Nc2 Nd5 25. Rf1 Rd7 26. a5 Ba7 27. Ba4 c6
28. Bb3 Nc7 29. Na3 Ree7 30. Rd1 Ne6 31. Nc2 Re8 32. d5 cxd5 33. Ba4 Red8 34.
Bxd7 Rxd7 35. Nd4 Nxd4 36. Bxd4 Bxd4 37. Rxd4 Kf8 38. Kg2 Ke7 39. Kf3 Ke6 40.
Kf4 g5+ 41. Ke3 Kxe5 42. h4 Rc7 43. Kd3 Rc1 44. Kd2 Kxd4 45. Kxc1 gxh4 46. gxh4
Kc3 47. h5 f5 48. Kd1 Kd3 49. b5 axb5 50. a6 bxa6 51. Ke1 Ke3 52. Kd1 f4 53.
Ke1 b4 54. Kf1 Kf3 55. Kg1 b3 56. Kh2 b2 57. Kh3 b1=Q 58. Kh2 Qa1 0-1

[Event "Canada int. ch"]
[Site "Longueuil CAN"]
[Date "2019.10.13"]
[Round "5.20"]
[White "Qiao, Cindy"]
[Black "Saha, Ananda"]
[Result "0-1"]
[WhiteElo "1731"]
[BlackElo "2055"]
[PlyCount "64"]
[EventDate "2019.10.11"]
[EventType "swiss"]
[EventRounds "5"]
[EventCountry "CAN"]

1. e4 e6 2. d3 c5 3. Nf3 Nc6 4. g3 d5 5. Nbd2 g6 6. Bg2 Bg7 7. O-O Nge7 8. Re1
O-O 9. c3 b5 10. e5 a5 11. Nf1 Rb8 12. Bf4 b4 13. Rb1 Ba6 14. h4 a4 15. a3 bxc3
16. bxc3 Qa5 17. Qd2 Rb3 18. Rxb3 axb3 19. Bh6 Bxh6 20. Qxh6 Nf5 21. Qd2 d4 22.
g4 dxc3 23. Qf4 Nfd4 24. Ng5 c2 25. Nd2 b2 26. Nge4 f5 27. exf6 c1=Q 28. Qh6
Qxe1+ 29. Nf1 Qc7 30. h5 Ne2+ 31. Kh1 b1=Q 32. hxg6 Qxf1+ 0-1

[Event "Canada int. ch"]
[Site "Longueuil CAN"]
[Date "2019.10.13"]
[Round "5.22"]
[White "Robichaud, Louis"]
[Black "Allard, Laurent"]
[Result "1-0"]
[WhiteElo "2041"]
[BlackElo "2092"]
[PlyCount "51"]
[EventDate "2019.10.11"]
[EventType "swiss"]
[EventRounds "5"]
[EventCountry "CAN"]

1. e4 c5 2. d3 Nc6 3. g3 g6 4. Bg2 Bg7 5. f4 e6 6. Nf3 Nge7 7. O-O O-O 8. c3 d5
9. Be3 b6 10. Na3 a6 11. e5 Qc7 12. Nc2 Rb8 13. Bf2 h5 14. Re1 Bd7 15. Rc1 Na7
16. h3 Bh6 17. Qd2 Bc6 18. d4 c4 19. g4 hxg4 20. hxg4 Bd7 21. Bh4 Rfe8 22. Bf6
Kf8 23. Qf2 Ng8 24. Qh4 Bg7 25. g5 Ne7 26. Qh7 1-0

[Event "Canada int. ch"]
[Site "Longueuil CAN"]
[Date "2019.10.13"]
[Round "5.23"]
[White "Han, Johnathan"]
[Black "Luksza, Arkadiusz"]
[Result "1-0"]
[WhiteElo "1598"]
[BlackElo "2048"]
[PlyCount "93"]
[EventDate "2019.10.11"]
[EventType "swiss"]
[EventRounds "5"]
[EventCountry "CAN"]

1. e4 c5 2. Nf3 g6 3. d4 cxd4 4. Nxd4 Nc6 5. Nc3 Nf6 6. Be3 Bg7 7. Bc4 O-O 8.
f3 a5 9. Qd2 a4 10. O-O-O Ne5 11. Bf1 d5 12. Ndb5 Bd7 13. Nxd5 Nxd5 14. Qxd5
Qc8 15. a3 Be6 16. Qc5 Nc4 17. Bxc4 Qxc5 18. Bxc5 Bxc4 19. Nd4 Rfd8 20. c3 Rac8
21. Ba7 Bh6+ 22. Kb1 Be3 23. Bb6 Rd7 24. Ba5 b6 25. Bb4 Rcd8 26. Rde1 Bf2 27.
Rc1 Kf8 28. Nc6 Rc8 29. Ne5 Rdd8 30. Nxc4 Rxc4 31. Rhd1 Rcc8 32. Kc2 Ke8 33.
Rxd8+ Rxd8 34. Rd1 Rxd1 35. Kxd1 Bg1 36. h3 Bh2 37. Ke2 Bf4 38. Kd3 Kd7 39. Kc4
Kc6 40. Bxe7 Bc1 41. b3 axb3 42. Kxb3 f5 43. e5 g5 44. Kc4 h5 45. e6 g4 46. Kd4
Bf4 47. Bb4 1-0